| 000 | 00976nam0a22002531 4500 | ||
|---|---|---|---|
| 001 | rc\488552 | ||
| 005 | 20030616171357.2 | ||
| 035 | _a(NLR Aleph) 005730712 | ||
| 090 |
_a7575893 _c7575893 |
||
| 100 | _a20030616d1987 u |0rusy50 ca | ||
| 101 | 0 | _arus | |
| 102 | _aRU | ||
| 105 | _aa ||||||||| | ||
| 200 | 1 |
_aСборник задач по теоретической механике _e[Учеб. пособие для втузов] _fФ.Г. Будник, Ю.М. Зингерман, Е.И. Селенский _gПод ред. А.С. Кельзона |
|
| 210 |
_aМ. _cВысш. школа _d1987 |
||
| 215 |
_a175, [1] с. _cил. _d20 |
||
| 700 | 1 |
_aБудник _bФ. Г. _gФеликс Григорьевич |
|
| 701 | 1 |
_aЗингерман _bЮ. М. _gЮлий Моисеевич |
|
| 701 | 1 |
_aСеленский _bЕ. И. _gЕвгений Игоревич |
|
| 801 | 0 |
_aRU _bNLR _gpsbo |
|
| 801 | 1 |
_aRU _bELAR _2rusmarc |
|
| 852 |
_aNLR _j87-3/10707 |
||
| 942 | _cBOOK | ||
| 980 | _aNB | ||